| 000 | 00659nam a2200193 4500 | ||
|---|---|---|---|
| 001 | 139412 | ||
| 003 | ES-MaACL | ||
| 005 | 20250824202235.0 | ||
| 007 | t| | ||
| 008 | 070214q1930 sp r ||||1| spa d | ||
| 100 | 1 |
_aSassone, Felipe. _9103913 |
|
| 245 | 1 | 3 |
_aEl teatro, espectáculo literario _b: (breve ensayo sobre el teatro antiguo y moderno) / _cFelipe Sassone. |
| 260 |
_aMadrid : _bCompañía Ibero-Americana de publicaciones, _c[1930?] |
||
| 300 |
_a62 p. ; _c18 cm. |
||
| 490 | 1 |
_aCol. el libro del pueblo ; _v18 |
|
| 830 | 0 | 0 |
_aColección el libro del pueblo _v18 _9220225 |
| 852 |
_aES-MaACL _j1872-F-8 _bR.24121 |
||
| 999 |
_c139412 _d139412 |
||